Central Library OPAC University of Rajshahi

THE new Century Cyclopedia of Names (Record no. 85335)

MARC details
000 -LEADER
fixed length control field 00697nam a22002297a 4500
001 - CONTROL NUMBER
control field 85335
003 - CONTROL NUMBER IDENTIFIER
rucl marc code BD-RjUL
005 - DATE AND TIME OF LATEST TRANSACTION
control field 20250728103854.0
008 - FIXED-LENGTH DATA ELEMENTS--GENERAL INFORMATION
fixed length control field 250728s1954 us ||||| e||| 00| 0 eng d
035 ## - SYSTEM CONTROL NUMBER
System control number (BD-RjUL)85335
040 ## - CATALOGING SOURCE
Original cataloging agency BD-RjUL
Language of cataloging eng
Transcribing agency BD-RjUL
Modifying agency DLC
Description conventions DLC
041 ## - LANGUAGE CODE
Language code of text/sound track or separate title eng
082 ## - DEWEY DECIMAL CLASSIFICATION NUMBER
Edition number 23
Classification number 920
Author mark and year BAN 1954
245 ## - TITLE STATEMENT
Title THE new Century Cyclopedia of Names
Statement of responsibility, etc. Edited by, Clarnce L. Barnhart, Wiliam D. Halsey
260 ## - PUBLICATION, DISTRIBUTION, ETC. (IMPRINT)
Place of publication, distribution, etc. New York
Name of publisher, distributor, etc. Appleton-Century-Crofts, INC
Date of publication, distribution, etc. 1954
300 ## - PHYSICAL DESCRIPTION
Pagination 1440 page,
Size 24 cm.
505 ## - FORMATTED CONTENTS NOTE
Formatted contents note Formatted note, V-1,
650 ## - SUBJECT ADDED ENTRY--TOPICAL TERM
Topical term or geographic name as entry element Cyclopedia
9 (RLIN) 16291
700 ## - ADDED ENTRY--PERSONAL NAME
Personal name Barnhart, Clarnce L, Edited by
Personal name Halsey, D. Wiliam
942 ## - ADDED ENTRY ELEMENTS (KOHA)
Source of classification or shelving scheme Dewey Decimal Classification
Koha item type Books
Holdings
Lost status Source of classification or shelving scheme Damaged status Not for loan Permanent Location Current Location Shelving location Date acquired Source of acquisition Total Checkouts Full call number Date last seen Copy number Koha item type
  Dewey Decimal Classification   Not For Loan Central Library, University of Rajshahi Central Library, University of Rajshahi Reference 01/06/1955 American cuncail   R 920 BAN 1954 V-1 28/07/2025 C-2 Books
  Dewey Decimal Classification   Not For Loan Central Library, University of Rajshahi Central Library, University of Rajshahi Reference 01/06/1955 American cuncail   R 920 BAN 1954 V-1 28/07/2025 C-1 Books
  Dewey Decimal Classification   Not For Loan Central Library, University of Rajshahi Central Library, University of Rajshahi Reference 01/06/1955 American cuncail   R 920 BAN 1954 V-3 28/07/2025 C-2 Books
  Dewey Decimal Classification   Not For Loan Central Library, University of Rajshahi Central Library, University of Rajshahi Reference 01/06/1955 American cuncail   R 920 BAN 1954 V-3 28/07/2025 C-1 Books
  Dewey Decimal Classification   Not For Loan Central Library, University of Rajshahi Central Library, University of Rajshahi Reference 01/06/1955 American cuncail   R 920 BAN 1954 V-2 28/07/2025 C-2 Books
  Dewey Decimal Classification   Not For Loan Central Library, University of Rajshahi Central Library, University of Rajshahi Reference 01/06/1955 American cuncail   R 920 BAN 1954 V-2 28/07/2025 C-1 Books